| 000 | 02505nam a2200397 a 4500 | ||
|---|---|---|---|
| 001 | 00003853 | ||
| 003 | DO-SdBNP | ||
| 005 | 20180309125126.0 | ||
| 007 | 00003853 | ||
| 008 | 091125s2012 dr a 000 0 spa d | ||
| 020 | _a9789945117394 | ||
| 040 |
_aBPMSU _bspa _cBPMSU |
||
| 082 | 0 | 4 |
_a372.63 _bJ61o 2do. 2012 |
| 100 | 1 | _aJiménez Malena, Martha Ariza | |
| 245 | 1 | 0 |
_aOrtografía 2 : _b[educación básica ]/ _cMartha Ariza Jiménez Malena ; dirección editorial Obdulia García de Escobar ; ilustración Ruddy Núñez. |
| 260 |
_aSanto Domingo : _bSantillana, _c2012. |
||
| 300 |
_a55 p. : _bil. ; _c28 cm. |
||
| 490 | 1 | _aInnova | |
| 505 | 0 |
_gv. 2 : _gUnidad 1 -- _tPalabras con b, v; el punto -- _tPalabras con g, i; la coma -- _gUnidad 2 -- _tPalabras con II, y; la raya de diálogo -- _tUso de la h; división de palabras en sílabas -- _gUnidad 3 -- _tPalabras con z, d; signos de admiración -- _tb, v; signos de interrogación -- _gUnidad 4 -- _tg, i; esdrújulas, llanas, agudas -- _tillo, illa; los dos puntos -- _gUnidad 5 -- _th; puntos suspensivos -- _tcc, ct; sílaba tónica -- _gUnidad 6 -- _tb, v; las comillas -- _tg, i; punto y coma -- _gUnidad 7 -- _th; los parentesis -- _ti, y; diptongos e hiatos -- _gUnidad 8 -- _tPalabras con ja, jo, ju -- _tPalabras con je, ge, ji, gi -- _tPalabras con r suave -- _tPalabras con r fuerte -- _gUnidad 9 -- _tPreguntas y exclamaciones -- _tPalabras con br y bl -- _tPalabras terminadas en y -- _tLa coma -- _gUnidad 10 -- _tHacer carteles -- _tEscribir una noticia -- _gUnidad 11 -- _tEscribir una postal -- _tEscribir pies de foto -- _gUnidad 12 -- _tDescribir un objeto -- _tDescribir un lugar -- _gUnidad 13 -- _tExpresar planes -- _tEscribior felicitaciones -- |
|
| 650 | 4 |
_aESPAÑOL _xORTOGRAFÍA _xENSEÑANZA BÁSICA |
|
| 650 | 4 |
_aESPAÑOL _xORTOGRAFÍA _xEDUCACIÓN PRIMARIA |
|
| 650 | 4 |
_aESPAÑOL _xORTOGRAFÍA _xESTUDIOS Y EJERCICIOS |
|
| 650 | 4 |
_aEDUCACIÓN PRIMARIA _zREPÚBLICA DOMINICANA |
|
| 700 | 1 |
_aNúñez, Ruddy, _eil. |
|
| 700 | 1 |
_aGarcía de Escobar, Obdulia, _eed. |
|
| 830 | 0 | _aInnova | |
| 910 | _aValidado. Control de calidad MFF | ||
| 930 | 1 |
_lBND01 _mLF1 _820091130 _f01 _pHD _g8732 _hv. 2 |
|
| 930 | 1 |
_lBND01 _mLF1 _820091130 _f04 _pHD _g8733 _hv. 3 |
|
| 930 | 1 |
_lBND01 _mLF1 _820091204 _f01 _pHD _g8733 _hv. 4 |
|
| 930 | 1 |
_lBND01 _mLF1 _820091204 _f01 _pHD _g8733 _hv. 5 |
|
| 930 | 1 |
_lBND01 _mLF1 _820091204 _f04 _pHD _g8733 _hv. 6 |
|
| 942 |
_2ddc _cBK |
||
| 945 | _aRemanejado para la Bib. BNPHU, 2018/ YL | ||
| 956 |
_aLOPEREZ _b10 _c20160413 _lBPMSU _h00041 |
||
| 999 |
_c9734 _d9734 |
||